[Event "Niteroi op 2nd"]
[Site "Niteroi"]
[Date "2022.09.04"]
[Round "6"]
[White "Pires, Marcos Vinicius Tor"]
[Black "De Siqueira, Luigy Lira"]
[Result "1/2-1/2"]
[WhiteElo "2262"]
[BlackElo "1969"]
[PlyCount "76"]
[EventDate "2022.09.01"]
[EventType "swiss"]
[EventRounds "9"]
[EventCountry "BRA"]
[SourceTitle "CBM 210 Extra"]
[Source "ChessBase"]
[SourceDate "2022.11.30"]
[SourceVersion "1"]
[SourceVersionDate "2022.11.30"]
[SourceQuality "1"]

1. Nf3 Nf6 2. c4 e6 3. g3 d5 4. d4 dxc4 5. Bg2 a6 6. 0-0 Nc6 7. e3 Be7 8. Nbd2 Na5 9. Ne5 0-0 10. Ndxc4 Nxc4 11. Nxc4 c5 12. dxc5 Bxc5 13. b3 Qe7 14. Bb2 Rd8 15. Qe2 Nd5 16. Ne5 f6 17. Nd3 Bb6 18. e4 Nc7 19. e5 f5 20. Nf4 Nb5 21. Rfd1 Nd4 22. Qc4 Nc6 23. Rxd8+ Nxd8 24. Rd1 Bd7 25. Qd3 Bc6 26. Bxc6 Nxc6 27. Qc4 Rd8 28. Rxd8+ Nxd8 29. Nd3 Nc6 30. Bc3 Qd7 31. Nf4 Kf7 32. Qe2 g6 33. h4 Bd4 34. Bxd4 Qxd4 35. Nd3 Ne7 36. Nf4 Nc6 37. Nd3 Ne7 38. Nf4 Nc6 1/2-1/2

[Event "Niteroi op 2nd"]
[Site "Niteroi"]
[Date "2022.09.03"]
[Round "4"]
[White "Pires, Marcos Vinicius Tor"]
[Black "Araujo, Renan Aparecido"]
[Result "1-0"]
[WhiteElo "2262"]
[BlackElo "2031"]
[PlyCount "67"]
[EventDate "2022.09.01"]
[EventType "swiss"]
[EventRounds "9"]
[EventCountry "BRA"]
[SourceTitle "CBM 210 Extra"]
[Source "ChessBase"]
[SourceDate "2022.11.30"]
[SourceVersion "1"]
[SourceVersionDate "2022.11.30"]
[SourceQuality "1"]

1. Nf3 Nf6 2. d4 e6 3. g3 d5 4. Bg2 Be7 5. 0-0 0-0 6. c4 c6 7. Qc2 b6 8. Nbd2 Bb7 9. e4 Na6 10. a3 c5 11. exd5 exd5 12. dxc5 Nxc5 13. b4 Ne6 14. Bb2 dxc4 15. Nxc4 Rc8 16. Qb3 Bd5 17. Nfe5 Bxg2 18. Kxg2 Qd5+ 19. Qf3 Qxf3+ 20. Kxf3 Rfd8 21. Rfd1 Nd5 22. Ne3 Nxe3 23. Kxe3 Rc2 24. Rxd8+ Bxd8 25. Nd3 b5 26. Rc1 Bb6+ 27. Ke4 Rxc1 28. Bxc1 Kf8 29. Kd5 Ke7 30. Be3 Bxe3 31. fxe3 Kd7 32. Ne5+ Kc7 33. Nxf7 Nf8 34. Nd6 1-0

[Event "Titled Tuesday intern op 16th Aug Late"]
[Site "Chess.com INT"]
[Date "2022.08.16"]
[Round "5"]
[White "Capp, Stephen P"]
[Black "Pires, Marcos Vinicius Tor"]
[Result "1/2-1/2"]
[WhiteElo "1920"]
[BlackElo "2262"]
[PlyCount "90"]
[EventDate "2022.08.16"]
[EventType "swiss (blitz)"]
[EventRounds "11"]
[EventCountry "USA"]
[SourceTitle "EXT 2023"]
[Source "ChessBase"]
[SourceDate "2022.10.05"]
[SourceVersion "1"]
[SourceVersionDate "2022.10.05"]
[SourceQuality "1"]

1. e4 c5 2. Nc3 Nc6 3. f4 g6 4. Nf3 Bg7 5. Bc4 e6 6. d3 Nge7 7. Bb3 0-0 8. 0-0 Na5 9. Kh1 d5 10. e5 a6 11. a3 Nxb3 12. cxb3 b5 13. d4 Qb6 14. Ne2 Bb7 15. b4 cxb4 16. axb4 Nc6 17. Qe1 Rfc8 18. Bd2 Bf8 19. Bc3 Qd8 20. Nc1 a5 21. Nd3 axb4 22. Rxa8 Rxa8 23. Nxb4 Nxb4 24. Bxb4 Ra4 25. Bxf8 Qxf8 26. h3 Ra2 27. Nh2 h5 28. Qb1 Ra4 29. Nf3 b4 30. Rc1 Ba6 31. Rc7 Be2 32. Ng5 Qa8 33. Kh2 Ra7 34. Nxe6 Rxc7 35. Nxc7 Qc6 36. Qe1 Qxc7 37. Qxe2 Qc6 38. f5 gxf5 39. Qxh5 Qc4 40. Qxf5 Qxd4 41. Qg5+ Kf8 42. Qd8+ Kg7 43. Qg5+ Kf8 44. Qd8+ Kg7 45. Qg5+ Kf8 1/2-1/2

[Event "Titled Tuesday intern op 16th Aug Late"]
[Site "Chess.com INT"]
[Date "2022.08.16"]
[Round "1"]
[White "Leiva Rodriguez, Jeammarco Giuseppe"]
[Black "Pires, Marcos Vinicius Tor"]
[Result "1-0"]
[WhiteElo "2389"]
[BlackElo "2262"]
[PlyCount "163"]
[EventDate "2022.08.16"]
[EventType "swiss (blitz)"]
[EventRounds "11"]
[EventCountry "USA"]
[SourceTitle "EXT 2023"]
[Source "ChessBase"]
[SourceDate "2022.10.05"]
[SourceVersion "1"]
[SourceVersionDate "2022.10.05"]
[SourceQuality "1"]

1. e4 c5 2. Nf3 Nc6 3. Bb5 Nf6 4. Nc3 g6 5. 0-0 Bg7 6. Re1 0-0 7. e5 Ng4 8. Bxc6 dxc6 9. d3 Nh6 10. h3 Nf5 11. Bf4 b6 12. Qe2 Nd4 13. Nxd4 cxd4 14. Ne4 c5 15. c4 dxc3 16. bxc3 Qd5 17. Qf3 Bb7 18. Rad1 Rad8 19. c4 Qc6 20. h4 f5 21. Ng5 Qc8 22. Qg3 h6 23. Nh3 Kh7 24. Re3 Rd4 25. Rde1 e6 26. R1e2 Qd7 27. f3 Rxd3 28. Rxd3 Qxd3 29. Rd2 Qxc4 30. h5 g5 31. Nxg5+ hxg5 32. Qxg5 Bd5 33. Qg6+ Kh8 34. h6 Rg8 35. hxg7+ Rxg7 36. Qe8+ Kh7 37. Qh5+ Kg8 38. Bg5 Qc3 39. Bh6 Qxe5 40. Qe8+ Kh7 41. Bxg7 Kxg7 42. Qe7+ Kg8 43. Qg5+ Kf7 44. Qh4 Qe3+ 45. Rf2 Qe1+ 46. Kh2 Qe5+ 47. Kh3 c4 48. Qd8 c3 49. Qd7+ Kg6 50. Qe8+ Kg7 51. Qe7+ Kg6 52. Qe8+ Kh7 53. Qh5+ Kg7 54. Qg5+ Kf7 55. Qh5+ Ke7 56. Qh7+ Kd6 57. Qxa7 Qh8+ 58. Kg3 Qe5+ 59. Kh3 Qh8+ 60. Kg3 f4+ 61. Kxf4 Qe5+ 62. Kg4 Qf5+ 63. Kg3 Qg5+ 64. Kh2 Qf4+ 65. g3 Qh6+ 66. Kg2 Qe3 67. Qa3+ Kd7 68. Qb4 Qc5 69. Qxc5 bxc5 70. Rc2 Kd6 71. a3 Ke5 72. Rxc3 Kd4 73. Rc1 c4 74. Kf2 Kd3 75. Rd1+ Kc2 76. Re1 c3 77. g4 Kd2 78. g5 Bc4 79. g6 Bd3 80. g7 Bh7 81. a4 c2 82. a5 1-0

[Event "Titled Tuesday intern op 16th Aug Late"]
[Site "Chess.com INT"]
[Date "2022.08.16"]
[Round "4"]
[White "Pires, Marcos Vinicius Tor"]
[Black "Amburgy, Ryan"]
[Result "0-1"]
[WhiteElo "2262"]
[BlackElo "2152"]
[PlyCount "54"]
[EventDate "2022.08.16"]
[EventType "swiss (blitz)"]
[EventRounds "11"]
[EventCountry "USA"]
[SourceTitle "EXT 2023"]
[Source "ChessBase"]
[SourceDate "2022.10.05"]
[SourceVersion "1"]
[SourceVersionDate "2022.10.05"]
[SourceQuality "1"]

1. d4 Nf6 2. Bf4 b6 3. e3 Bb7 4. Nf3 Nh5 5. Bg5 h6 6. Bh4 g5 7. Nfd2 Nf4 8. exf4 gxh4 9. h3 e6 10. c3 Qf6 11. Qg4 Bd6 12. Nf3 Bxf4 13. Qxh4 Qxh4 14. Nxh4 Rg8 15. Nd2 d6 16. 0-0-0 Nd7 17. Kc2 0-0-0 18. Nhf3 e5 19. dxe5 Nxe5 20. Nxe5 dxe5 21. f3 f5 22. Nc4 Rxd1 23. Kxd1 Rd8+ 24. Kc2 e4 25. Be2 b5 26. g3 exf3 27. gxf4 fxe2 0-1

[Event "Titled Tuesday intern op 09th Aug Late"]
[Site "Chess.com INT"]
[Date "2022.08.09"]
[Round "5"]
[White "Pires, Marcos Vinicius Tor"]
[Black "Fajdetic, Hrvoje"]
[Result "1-0"]
[WhiteElo "2262"]
[BlackElo "2151"]
[PlyCount "31"]
[EventDate "2022.08.09"]
[EventType "swiss (blitz)"]
[EventRounds "11"]
[EventCountry "USA"]
[SourceTitle "EXT 2023"]
[Source "ChessBase"]
[SourceDate "2022.10.05"]
[SourceVersion "1"]
[SourceVersionDate "2022.10.05"]
[SourceQuality "1"]

1. d4 Nf6 2. Bf4 b6 3. e3 Bb7 4. Nf3 d6 5. h3 Nbd7 6. Be2 g6 7. 0-0 Bg7 8. a4 a5 9. Nc3 0-0 10. Re1 h6 11. Bb5 Ra7 12. e4 Qa8 13. d5 c6 14. dxc6 Bxc6 15. Bxc6 Qb7 16. Bxb7 1-0

[Event "Titled Tuesday intern op 09th Aug Late"]
[Site "Chess.com INT"]
[Date "2022.08.09"]
[Round "7"]
[White "Pires, Marcos Vinicius Tor"]
[Black "Shapiro, Daniel E"]
[Result "1-0"]
[WhiteElo "2262"]
[BlackElo "2284"]
[PlyCount "87"]
[EventDate "2022.08.09"]
[EventType "swiss (blitz)"]
[EventRounds "11"]
[EventCountry "USA"]
[SourceTitle "EXT 2023"]
[Source "ChessBase"]
[SourceDate "2022.10.05"]
[SourceVersion "1"]
[SourceVersionDate "2022.10.05"]
[SourceQuality "1"]

1. d4 Nf6 2. Bf4 b6 3. e3 Bb7 4. Nf3 e6 5. Bd3 d6 6. h3 Nbd7 7. Bh2 g6 8. 0-0 Bg7 9. a4 a6 10. c4 Qe7 11. a5 e5 12. Be2 0-0 13. Nc3 Rfd8 14. Re1 e4 15. Nd2 Nf8 16. b4 h5 17. Nb3 N8h7 18. axb6 cxb6 19. c5 bxc5 20. bxc5 d5 21. Na5 Qd7 22. Rb1 Bc8 23. Na4 Qf5 24. Nb6 Ra7 25. Nxc8 Rxc8 26. Rb6 Ng5 27. Bf1 Ne6 28. Nc6 Rd7 29. Rxa6 g5 30. Ne5 Rdd8 31. Qe2 g4 32. hxg4 hxg4 33. Rb1 Ng5 34. Bf4 Nf3+ 35. gxf3 gxf3 36. Qd1 Kh7 37. Rbb6 Rg8 38. Bg3 Bh6 39. Kh2 Qh5+ 40. Bh3 Ng4+ 41. Nxg4 Rxg4 42. Rxh6+ Qxh6 43. Rxh6+ Kxh6 44. Bxg4 1-0

[Event "Titled Tuesday intern op 02nd Aug Late"]
[Site "Chess.com INT"]
[Date "2022.08.02"]
[Round "5"]
[White "Floresvillar Gonzalez, Luis Miguel"]
[Black "Pires, Marcos Vinicius Tor"]
[Result "0-1"]
[WhiteElo "2120"]
[BlackElo "2287"]
[PlyCount "64"]
[EventDate "2022.08.02"]
[EventType "swiss (blitz)"]
[EventRounds "11"]
[EventCountry "USA"]
[SourceTitle "EXT 2023"]
[Source "ChessBase"]
[SourceDate "2022.10.05"]
[SourceVersion "1"]
[SourceVersionDate "2022.10.05"]
[SourceQuality "1"]

1. d4 Nf6 2. c3 g6 3. Bg5 Bg7 4. h4 h6 5. Bf4 d5 6. Nd2 c5 7. e3 Nc6 8. Bd3 Bg4 9. Ngf3 0-0 10. 0-0 Nd7 11. Qe1 e5 12. Nxe5 Ndxe5 13. dxe5 Nxe5 14. Bxe5 Bxe5 15. f4 Bf6 16. g3 h5 17. Qf2 Qe7 18. Rae1 Rae8 19. e4 Bh3 20. e5 Bxf1 21. Rxf1 Bg7 22. Nf3 Bh6 23. Bc2 b5 24. Bb3 Rd8 25. Rd1 d4 26. Re1 c4 27. Bd1 d3 28. Nd4 Qc5 29. e6 fxe6 30. Rxe6 Kh7 31. Bf3 Bg7 32. Rc6 Bxd4 0-1

[Event "Titled Tuesday intern op 02nd Aug Late"]
[Site "Chess.com INT"]
[Date "2022.08.02"]
[Round "8"]
[White "Kovacevic, Radmila"]
[Black "Pires, Marcos Vinicius Tor"]
[Result "0-1"]
[WhiteElo "2113"]
[BlackElo "2287"]
[PlyCount "94"]
[EventDate "2022.08.02"]
[EventType "swiss (blitz)"]
[EventRounds "11"]
[EventCountry "USA"]
[SourceTitle "EXT 2023"]
[Source "ChessBase"]
[SourceDate "2022.10.05"]
[SourceVersion "1"]
[SourceVersionDate "2022.10.05"]
[SourceQuality "1"]

1. e4 c5 2. Nf3 Nc6 3. Bc4 e6 4. 0-0 Nf6 5. e5 Nd5 6. Nc3 Nb6 7. Bb5 d5 8. exd6 Qxd6 9. Ne4 Qc7 10. d4 cxd4 11. Nxd4 Bd7 12. a4 a6 13. Bxc6 Bxc6 14. Qg4 Bxe4 15. Qxe4 Bc5 16. a5 Nd5 17. Nf5 0-0-0 18. Ng3 Nf6 19. Qa4 Qd7 20. Qc4 Qd5 21. Qc3 Kb8 22. Bf4+ Ka8 23. h3 Bd4 24. Qb4 Qc5 25. Qxc5 Bxc5 26. Rfd1 Nd5 27. Be5 f6 28. Bd4 Bxd4 29. Rxd4 e5 30. Rd3 Nf4 31. Rxd8+ Rxd8 32. Kf1 Rd2 33. Rc1 Kb8 34. Ke1 Rd5 35. Kf1 Rxa5 36. Ne2 Nxe2 37. Kxe2 Rd5 38. c4 Rd4 39. Ke3 Kc7 40. b4 Kc6 41. g3 b6 42. f4 Kd6 43. Rc3 Rd1 44. Rd3+ Rxd3+ 45. Kxd3 exf4 46. gxf4 g5 47. Ke4 Ke6 0-1